| 000 | 00889nam a2200241Ia 4500 | ||
|---|---|---|---|
| 003 | Ost | ||
| 005 | 20260507075539.0 | ||
| 008 | 260507s9999||||xx |||||||||||||| ||und|| | ||
| 020 | _a9774086945 | ||
| 040 | _cfsecg | ||
| 041 | _aara | ||
| 100 |
_aكوك، بيتر _eمؤلف |
||
| 245 | 0 |
_aإدارة الابداع / _c بيتر كوك |
|
| 246 | _aBest practice creativity | ||
| 260 |
_aالقاهرة: _bدار الفاروق للنشر والتوزيع, _c2008 |
||
| 300 |
_a360 صفحة؛ _bإيضاحات ؛ _c24 سم |
||
| 490 | _aمهارات الإدارة للمحترفين | ||
| 520 | _aيضم مبادئ الإبداع، تطبيق الإبداع، تصميم المؤسسة الإبداعية، الموارد | ||
| 653 | _aإدارة -الإبداع | ||
| 653 | _aالإبداع | ||
| 700 |
_aالعامري، خالد _eمؤلف ثانوي |
||
| 942 | _cكتاب | ||
| 999 |
_c44855 _d44855 |
||